Optical switching (Record no. 8231)
[ view plain ]
| 000 -LEADER | |
|---|---|
| fixed length control field | 00439 a2200157 4500 |
| 020 ## - INTERNATIONAL STANDARD BOOK NUMBER | |
| International Standard Book Number | 0387261419 |
| 020 ## - INTERNATIONAL STANDARD BOOK NUMBER | |
| International Standard Book Number | 0387261419 |
| 040 ## - CATALOGING SOURCE | |
| Original cataloging agency | DLC |
| Language of cataloging | DLC |
| 100 1# - MAIN ENTRY--PERSONAL NAME | |
| Personal name | El-Bawab, Tarek S. |
| 245 10 - TITLE STATEMENT | |
| Title | Optical switching |
| Statement of responsibility, etc. | Tarek S. El-Bawab, editor and principal author |
| 260 ## - PUBLICATION, DISTRIBUTION, ETC. | |
| Place of publication, distribution, etc. | New York, NY : |
| Name of publisher, distributor, etc. | Springer, |
| Date of publication, distribution, etc. | cop. 2006 |
| 300 ## - PHYSICAL DESCRIPTION | |
| Extent | 451 s. |
| 650 #7 - SUBJECT ADDED ENTRY--TOPICAL TERM | |
| Topical term or geographic name entry element | Optisk kommunikation |
| 650 #7 - SUBJECT ADDED ENTRY--TOPICAL TERM | |
| Topical term or geographic name entry element | Optical communication |
| 942 ## - ADDED ENTRY ELEMENTS (KOHA) | |
| Koha item type | Book |
| Call number prefix | 621.3827 ELB |
| Source of classification or shelving scheme | |
| Withdrawn status | Lost status | Damaged status | Not for loan | Collection code | Permanent Location | Current Location | Shelving location | Date acquired | Source of acquisition | Cost, normal purchase price | Total Checkouts | Full call number | Barcode | Date last seen | Price effective from | Koha item type |
|---|---|---|---|---|---|---|---|---|---|---|---|---|---|---|---|---|
| Central Library (CL) | Central Library (CL) | General Stacks | 03/01/2007 | Progressive International Agencies | 6439.25 | 621.3827 ELB | SEECS008194 | 11/14/2012 | 01/05/2017 | Book | ||||||
| Central Library (CL) | Central Library (CL) | General Stacks | 03/01/2007 | Progressive International Agencies | 6439.25 | 621.3827 ELB | SEECS008195 | 11/14/2012 | 01/05/2017 | Book |
